Pokemon - Les attaques de Jungko - Statistiques

Statistiques générales
  • Ce quiz a été pris 54 fois
  • Le résultat moyen est 9 sur 20
Statistiques - réponses
Niveaux Types Noms des attaques % Correct
Niveau 42 Plante Lame Feuille
97%
Niveau 5 Plante Méga-Sangsue
79%
Niveau 25 Plante Giga-Sangsue
76%
Niveau 63 Plante Tempête Verte
76%
Départ Insecte Taillade
70%
Départ Insecte Plaie Croix
67%
Départ Normal Écras'Face
64%
Départ Évolution Dragon Double Baffe
58%
Départ Normal Groz'Yeux
48%
Départ Normal Vive-Attaque
48%
Niveau 12 Combat Détection
42%
Départ Plante Éco-Sphère
33%
Départ Plante Feuillage
33%
Niveau 49 Normal Grincement
33%
Niveau 30 Normal Souplesse
30%
Départ Normal Faux-Chage
27%
Niveau 15 Combat Prévention
15%
Niveau 35 Normal Reflet
15%
Niveau 20 Ténèbres Assurance
9%
Niveau 56 Normal Effort
6%
Aucun quiz correspondant
Distribution des résultats
% des personnes avec chaque résultat
Percentile par nombre de réponses
Votre historique - résultats
Vous n’avez pas pris ce quiz